MARC details
| 000 -LEADER |
| fixed length control field |
01261cam a2200289 i 4500 |
| 001 - CONTROL NUMBER |
| control field |
3193334 |
| 003 - CONTROL NUMBER IDENTIFIER |
| control field |
OSt |
| 005 - DATE AND TIME OF LATEST TRANSACTION |
| control field |
20230627111224.0 |
| 008 - FIXED-LENGTH DATA ELEMENTS--GENERAL INFORMATION |
| fixed length control field |
770913t19781976azua b s101 0 eng |
| 010 ## - LIBRARY OF CONGRESS CONTROL NUMBER |
| LC control number |
77013716 |
| 020 ## - INTERNATIONAL STANDARD BOOK NUMBER |
| International Standard Book Number |
0816506434. |
| -- |
0816504806 |
| 040 ## - CATALOGING SOURCE |
| Original cataloging agency |
DLC |
| Transcribing agency |
DLC |
| Modifying agency |
DLC |
| 043 ## - GEOGRAPHIC AREA CODE |
| Geographic area code |
n-usp-- |
| 050 00 - LIBRARY OF CONGRESS CALL NUMBER |
| Classification number |
|
| Item number |
|
| 082 00 - DEWEY DECIMAL CLASSIFICATION NUMBER |
| Classification number |
333.9/162/097913 |
| Item number |
PET |
| 245 00 - TITLE STATEMENT |
| Title |
Values and choices in the development of the Colorado River Basin / |
| Statement of responsibility, etc. |
edited by Dean F. Peterson and A. Berry Crawford ; collaborating authors, Bahe Billy ... [et al.]. |
| 260 ## - PUBLICATION, DISTRIBUTION, ETC. (IMPRINT) |
| Place of publication, distribution, etc. |
Tucson : |
| Name of publisher, distributor, etc. |
University of Arizona Press, |
| Date of publication, distribution, etc. |
c1978. |
| 300 ## - PHYSICAL DESCRIPTION |
| Extent |
xiv, 337 p. : |
| Other physical details |
ill. ; |
| Dimensions |
24 cm. |
| 500 ## - GENERAL NOTE |
| General note |
Papers and discussions selected from a symposium held in San Francisco, Feb. 28 and March 1, 1974, and sponsored by the Committee on Arid Lands of the American Association for the Advancement of Science. |
| 504 ## - BIBLIOGRAPHY, ETC. NOTE |
| Bibliography, etc |
Includes bibliographies and index. |
| 650 #0 - SUBJECT ADDED ENTRY--TOPICAL TERM |
| Topical term or geographic name as entry element |
Water resources development |
| Geographic subdivision |
Colorado River Watershed (Colo.-Mexico) |
| General subdivision |
Congresses. |
| 700 1# - ADDED ENTRY--PERSONAL NAME |
| Personal name |
Peterson, Dean F. |
| 700 1# - ADDED ENTRY--PERSONAL NAME |
| Personal name |
Crawford, A. Berry. |
| 710 2# - ADDED ENTRY--CORPORATE NAME |
| Corporate name or jurisdiction name as entry element |
American Association for the Advancement of Science. |
| Subordinate unit |
Committee on Arid Lands. |
| 906 ## - LOCAL DATA ELEMENT F, LDF (RLIN) |
| a |
7 |
| b |
cbc |
| c |
orignew |
| d |
1 |
| e |
ocip |
| f |
19 |
| g |
y-gencatlg |
| 942 ## - ADDED ENTRY ELEMENTS (KOHA) |
| Source of classification or shelving scheme |
Dewey Decimal Classification |
| Koha item type |
Books |